[Event "Kolomna rapid op"]
[Site "Kolomna"]
[Date "2018.02.16"]
[Round "3"]
[White "Drozdova, Dina"]
[Black "Ermolaev, Mikhail"]
[Result "1-0"]
[WhiteElo "2209"]
[BlackElo "1754"]
[PlyCount "53"]
[EventDate "2018.02.16"]
[EventType "swiss (rapid)"]
[EventRounds "11"]
[EventCountry "RUS"]
[SourceTitle "CBM 183 Extra"]
[Source "ChessBase"]
[SourceDate "2018.04.19"]
[SourceVersion "1"]
[SourceVersionDate "2018.04.19"]
[SourceQuality "1"]

1. d4 d5 2. c4 e6 3. Nc3 Nf6 4. Bg5 Be7 5. cxd5 exd5 6. e3 0-0 7. Bd3 c6 8. Nge2 Nbd7 9. Rc1 h6 10. Bh4 Re8 11. f3 Bb4 12. Bf2 c5 13. 0-0 cxd4 14. exd4 a6 15. Bb1 b5 16. Nf4 Nf8 17. Qb3 Bxc3 18. Qxc3 Ne6 19. Nd3 Bd7 20. Qd2 Qb6 21. Nc5 Qd6 22. Bg3 Qb6 23. Bh4 g5 24. Bg3 Ng7 25. h4 Ne6 26. hxg5 Nxg5 27. Bh4 1-0